000 01710nam a22004217a 4500
003 CHAP
005 20220329143426.0
008 090622s2009 mx r 00010 spa d
010 _a96405
011 _a97377
035 _a108043
040 _cCHAP
090 _aTesis
100 1 _aTreviño Muñiz, Ramiro.
_9114875
245 1 0 _aFactores determinantes del crecimiento ecnómico del subsector cárnico del municipio de Nasas, Durango, México de 1990 a 2004
_c/por Ramiro Treviño Muñiz
260 _aBermejillo, Dgo. :
_bEl autor,
_c2009
300 _aix, 52 h.
_bgráfs.
502 _aTesis (Ing. Agr. Esp. en Sistemas Pecuarios de Zonas Aridas) -- UACH. Unidad Regional Universitaria de Zonas Áridas
530 _aTambién disponible en línea
590 _aALEPH
_b10
_c20130110
_lUCH01
_h1529
590 _aBATCH-UPD
_b10
_c20130110
_lUCH01
_h0703
590 _aBATCH-UPD
_b10
_c20130410
_lUCH01
_h0349
590 _aBATCH-UPD
_b10
_c20130914
_lUCH01
_h0848
590 _aBATCH-UPD
_b10
_c20140324
_lUCH01
_h1512
590 _aBATCH-UPD
_b10
_c20141002
_lUCH01
_h0839
590 _aCONVERSION
_b10
_c20130109
_lUCH01
_h1353
650 1 4 _aCarne
_xAspectos económicos.
_919062
650 1 4 _aCarne
_xPrecios.
_919104
650 1 4 _aComarca Lagunera
_xGanadería.
_925530
650 1 4 _aGanadería
_xAspectos económicos
_xDurango.
_944630
650 1 4 _aGanado de carne
_xCostos de producción.
_945077
650 1 4 _aMataderos.
_972885
856 _3Finding aid
_uhttp://10.13.5.2/tesis/108043.pdf
_zTeclea aqui
901 _aBK
942 _cFOLL
949 _aTesis
_bBC
_cTES
_d33724002094512
_eTS2
_fc.2
_gDonaciØn
_h49315
_i108043
_sb
949 _atesis
_bBC
_cTES
_d33724002094553
_eTS1
_gDonaciØn
_h49314
_i108043
_sb
999 _c96405
_d96405